| 000 | 00782nam a2200217Ii 4500 | ||
|---|---|---|---|
| 003 | JO-AjNU | ||
| 008 | 230605s9999||||xx |||||||||||||| ||und|| | ||
| 017 | _a2003/3/493 | ||
| 040 |
_aJO-AjNU _bara _erda _cJO-AjNU |
||
| 041 | _aara | ||
| 050 | 1 | 4 | _aLB1590.5.T576 2003 |
| 100 | 3 |
_aالطيطي،محمد حمد, _eauthor _921786 |
|
| 245 | 0 | 0 | _aالعمليات العقلية للتفكير الإيجابي،مهارات وتطبيقات |
| 250 | _aط1 | ||
| 264 | 3 | 1 | _aعمان:شركة النظم التربوية الحديثة،2003 |
| 300 | _a275ص | ||
| 336 |
_atext _btxt _2rdacontent |
||
| 337 |
_aunmediated _bn _2rdamedia |
||
| 338 |
_avolume _bnc _2rdacarrier |
||
| 650 | 4 |
_aالتفكير-التفكير الإبتكاري. التفكير-علم النفس _921787 |
|
| 999 |
_aA7627 _c11195 _d11195 |
||